| 000 | 00581nam a2200229Ia 4500 | ||
|---|---|---|---|
| 003 | OSt | ||
| 005 | 20231016123532.0 | ||
| 008 | 210210b1999 xxu||||| |||| 00| 0 eng d | ||
| 020 | _a81 7014 558 9 | ||
| 040 | _cAL | ||
| 041 | _aEnglish | ||
| 082 | _a332 SUNM | ||
| 100 |
_aSUNDHARAM (K P M). _9138088 |
||
| 245 | _aMoney, banking, trade and finance. | ||
| 250 | _a36 | ||
| 260 |
_aNew Delhi. _bSultan Chand & Sons _c1999 |
||
| 300 | _axxviii,4.240 | ||
| 650 |
_aMoney Banking, Trade, Finance _9138089 |
||
| 690 |
_aBanking _9138090 |
||
| 906 | _a056482 | ||
| 942 |
_2ddc _cBK |
||
| 999 |
_c104009 _d104009 |
||